| 000 | 00355nam a22001337a 4500 | ||
|---|---|---|---|
| 020 | _a978-0-07-352343-9 | ||
| 082 |
_a658.15 _bBLA |
||
| 100 | _4Blank, Leland T. | ||
| 245 |
_aEngineering Economy/ _cLeland Blank, Anthony Tarquin, |
||
| 250 | _aEighth edition | ||
| 260 |
_aNew York : _bMc Graw Hill, _c2017. |
||
| 300 | _axvii : 634p. | ||
| 942 |
_2ddc _cBK |
||
| 999 |
_c593467 _d593467 |
||